| 000 | 00632nam a22001937a 4500 | ||
|---|---|---|---|
| 999 |
_c102942 _d102942 |
||
| 005 | 20230112144555.0 | ||
| 010 | _aENG-115884 ENG-135974 | ||
| 020 |
_a9789325992252 _c495.00 |
||
| 035 | _aEN-99416 | ||
| 035 | _aEN-119506 | ||
| 037 | _bDBAD/PUB | ||
| 082 | _a621.3192 | ||
| 100 | _aKarna,Satish K. | ||
| 245 |
_aS.Chand's circuit and network rheory GATE PSUs and ES examination : _bexam success series / _c by Satish K.Karna |
||
| 260 |
_aNew Delhi _bS.Chand & Company _c2016 |
||
| 270 |
_a7361,Ram Nagar _bNew Delhi _e110055 |
||
| 300 |
_aVerious Pagings. _c24cm(pbk) |
||
| 942 |
_2ddc _cEN _h621.3192 _mKAR |
||